000 00623nam a2200277Ia 4500
005 20260324145940.0
008 008 260324s9999 xx 000 0 eng d
020 _a9781032617077
037 _aEBOOK
040 _aCRL
040 _beng
040 _cCRL
041 _2eng
041 _aeng
084 _qCRL
100 _aRobert Smith
_91224745
245 0 _aKingdoms of the Yoruba
260 _bTaylor and Francis
260 _c1976
365 _a
365 _b130
856 _uhttp://www.taylorfrancis.com/books/9781032617077
942 _cEBOOK
999 _c1833379
_d1833379